Economia espacial: críticas e alternativas
-д хадгалсан:
| Үндсэн зохиолч: | |
|---|---|
| Формат: | Ном |
| Хэл сонгох: | португал |
| Хэвлэсэн: |
Sao Paulo
Universidade de Sao Paulo
2003
|
| Хэвлэл: | 2a. ed |
| Нөхцлүүд: | |
| Шошгууд: |
Шошго нэмэх
Шошго байхгүй, Энэхүү баримтыг шошголох эхний хүн болох!
|
MARC
| LEADER | 00000cam a2200000 a 4500 | ||
|---|---|---|---|
| 001 | UCF2625 | ||
| 003 | CL-VaPUC | ||
| 008 | 120830e20030000BL |||||||||||||||||por|d | ||
| 020 | |a 9788531407734 | ||
| 082 | 0 | 4 | |a 910.091724 |b SAN |2 21 |
| 100 | 0 | |a Santos, Milton |e author |9 564339 | |
| 245 | 1 | 0 | |a Economia espacial: críticas e alternativas |
| 250 | |a 2a. ed | ||
| 300 | |a 204 p | ||
| 942 | |c BK | ||
| 945 | |d 20120830 00:00:00 |a dcastane | ||
| 260 | |a Sao Paulo |b Universidade de Sao Paulo |c 2003 | ||
| 650 | 0 | |a Geografía humana |9 267193 | |
| 650 | 0 | |a Áreas subdesarrolladas |9 564340 | |
| 650 | 0 | |a Condiciones económicas |9 258255 | |
| 650 | 0 | |a Planificación urbana |9 258176 | |
| 583 | |a last modification |c 20120830 10:25:00 |k Rodrigo Vera | ||
| 999 | |c 349166 |d 349164 | ||
| 952 | |0 0 |1 0 |4 0 |6 910_091724000000000_SAN_2003 |7 0 |8 A |9 451646 |a BIBING |b BIBING |d 2019-11-22 |i 4898591 |l 1 |o 910.091724 SAN 2003 |p 4898591 |r 2025-01-20 |s 2022-11-21 |w 2019-11-22 |y BK |k GEO | ||